[Event "34.Schlosspark-Open"]
[Site "Wiesbaden-Biebrich"]
[Date "2025.08.29"]
[Round "2.1"]
[White "Kollars, Dmitrij"]
[Black "Waffenschmidt, Joachim"]
[Result "1-0"]
[WhiteElo "2644"]
[BlackElo "2025"]
[PlyCount "61"]
[EventDate "2025.08.28"]
[WhiteTeam "SF Deizisau"]
[BlackTeam "SV 1920 Hofheim"]

1. e4 c5 2. Nc3 e6 3. Nge2 Nc6 4. d4 cxd4 5. Nxd4 Qc7 6. Be3 a6 7. Bd3 Nf6 8. Qe2 Be7 9. Nxc6 Qxc6 10. O-O-O b5 11. e5 Nd5 12. Bd2 Nxc3 13. Bxc3 Bb7 14. f3 O-O 15. Kb1 b4 16. Bd4 Rac8 17. h4 f6 18. exf6 Bxf6 19. Bxf6 Rxf6 20. h5 Qc7 21. Rh4 d5 22. Rxb4 a5 23. Rxb7 Qxb7 24. Ba6 Qc7 25. Bxc8 Qxc8 26. g3 h6 27. f4 Qc5 28. c3 a4 29. a3 Qc6 30. Rd4 Rf5 31. Qd1 1-0

[Event "34.Schlosspark-Open"]
[Site "Wiesbaden-Biebrich"]
[Date "2025.08.29"]
[Round "2.2"]
[White "Becx, Cesar"]
[Black "Poetsch, Hagen"]
[Result "0-1"]
[WhiteElo "2065"]
[BlackElo "2479"]
[PlyCount "56"]
[EventDate "2025.08.28"]
[WhiteTeam "Tilburg"]
[BlackTeam "SC Heusenstamm"]

1. f4 Nf6 2. Nf3 g6 3. g3 Bg7 4. Bg2 O-O 5. O-O c5 6. d3 d5 7. c3 Nc6 8. Na3 Rb8 9. Nh4 b5 10. f5 b4 11. Nc2 bxc3 12. bxc3 Qa5 13. c4 Rd8 14. Bd2 Qa6 15. fxg6 hxg6 16. Bf4 Rb2 17. Ne3 Nd4 18. Nxd5 Nxd5 19. cxd5 Nxe2+ 20. Kh1 Bg4 21. Bf3 Bxf3+ 22. Nxf3 Rxd5 23. Rb1 Nc3 24. Rxb2 Nxd1 25. Rb8+ Kh7 26. Rxd1 c4 27. Re1 cxd3 28. Re4 d2 0-1

[Event "34.Schlosspark-Open"]
[Site "Wiesbaden-Biebrich"]
[Date "2025.08.29"]
[Round "2.3"]
[White "Milov, Leonid"]
[Black "Rosenberger, Frank"]
[Result "1-0"]
[WhiteElo "2390"]
[BlackElo "2036"]
[PlyCount "105"]
[EventDate "2025.08.28"]
[WhiteTeam "SC Noris-Tarrasch Nürnberg 1873"]
[BlackTeam "SK 1980 Gernsheim"]

1. c4 c6 2. Nf3 d5 3. g3 Bg4 4. Ne5 Be6 5. d4 Nd7 6. cxd5 Bxd5 7. f3 Nxe5 8. dxe5 Be6 9. Qxd8+ Rxd8 10. Nc3 f6 11. Be3 b6 12. a4 fxe5 13. a5 Nf6 14. axb6 axb6 15. Bxb6 Rb8 16. Bc7 Rxb2 17. Bxe5 Rb3 18. Na4 Nd7 19. Bd4 Kf7 20. Kf2 Rg8 21. Bg2 Rb4 22. Bc3 Rb8 23. Bd4 Rb4 24. Bc3 Rb8 25. Rhc1 g5 26. Bd4 Rb4 27. e3 Bb3 28. Nc5 Nxc5 29. Bxc5 Rc4 30. Rxc4 Bxc4 31. Ra7 h5 32. e4 Kf6 33. Rc7 Bb5 34. Rc8 Kf7 35. Rc7 Kf6 36. Rc8 Kf7 37. h4 gxh4 38. gxh4 e5 39. Rc7+ Kf6 40. Be3 Ke6 41. Bh3+ Kf6 42. Rh7 Bg7 43. Rxh5 Rd8 44. Rf5+ Kg6 45. h5+ Kh7 46. Rf7 Rf8 47. Rc7 Kh8 48. Bf5 Bf6 49. h6 Ra8 50. Kg3 Rg8+ 51. Bg4 Rf8 52. Bc5 Ra8 53. Be7 1-0

[Event "34.Schlosspark-Open"]
[Site "Wiesbaden-Biebrich"]
[Date "2025.08.29"]
[Round "2.4"]
[White "Gülsen, Taylan"]
[Black "Baranyai-Molnar, Adam"]
[Result "0-1"]
[WhiteElo "2063"]
[BlackElo "2278"]
[PlyCount "76"]
[EventDate "2025.08.28"]
[WhiteTeam "Brühler SK 1920 e. V."]
[BlackTeam "SF Neuberg"]

1. d4 Nf6 2. Bf4 c5 3. c3 e6 4. e3 cxd4 5. exd4 Be7 6. Nd2 O-O 7. Bd3 d6 8. Qe2 Nc6 9. O-O-O Rb8 10. Ne4 Nd5 11. Qh5 g6 12. Qh6 Nxf4 13. Qxf4 d5 14. Nd2 b5 15. Ngf3 b4 16. c4 Bd6 17. Qh6 Qf6 18. Ng5 Qg7 19. Qxg7+ Kxg7 20. c5 Be7 21. Ndf3 Bxg5+ 22. Nxg5 Nxd4 23. Bxg6 Kxg6 24. Nxh7 Kxh7 25. Rxd4 Rb5 26. Kd2 b3 27. axb3 Rxc5 28. Ra1 a6 29. Raa4 e5 30. b4 Rb5 31. Rh4+ Kg6 32. Ra3 d4 33. f4 e4 34. Rg3+ Kf6 35. f5 Bxf5 36. Ra3 Rxb4 37. Rxa6+ Kg5 38. Rah6 Bg6 0-1

[Event "34.Schlosspark-Open"]
[Site "Wiesbaden-Biebrich"]
[Date "2025.08.29"]
[Round "2.5"]
[White "Heindrich, Mark"]
[Black "Chassard, Cedric"]
[Result "0-1"]
[WhiteElo "2037"]
[BlackElo "2208"]
[PlyCount "112"]
[EventDate "2025.08.28"]
[WhiteTeam "SAbt TuS Dotzheim"]
[BlackTeam "TSV Schott Mainz"]

1. d4 Nf6 2. Nf3 d5 3. Bf4 c5 4. e3 Nc6 5. Nbd2 e6 6. c3 Nh5 7. Bg5 Qb6 8. b3 h6 9. Bh4 cxd4 10. cxd4 Qa5 11. Be2 Bb4 12. a3 Bc3 13. b4 Nxb4 14. O-O Nc6 15. Rb1 Nf6 16. Nb3 Qc7 17. Qc2 Ba5 18. Rbc1 Bb6 19. Bb5 O-O 20. Bxc6 bxc6 21. Qxc6 Qxc6 22. Rxc6 Bd7 23. Rcc1 Rfc8 24. Ne5 Be8 25. f3 Kf8 26. Be1 g5 27. Bb4+ Kg7 28. Bd6 Nd7 29. Nxd7 Bxd7 30. Nc5 Be8 31. Kf2 Rc6 32. Be5+ Kg6 33. Nd3 Rac8 34. Rxc6 Rxc6 35. Rb1 Rc2+ 36. Kg3 Ra2 37. Bd6 Ba4 38. Rb2 Ra1 39. Nc5 Be8 40. Nd3 Kg7 41. Kf2 Bd7 42. Ne5 Bc8 43. Nd3 Ba6 44. Nc5 Bc4 45. Nb3 Rf1+ 46. Kg3 Re1 47. Kf2 Rf1+ 48. Kg3 Rd1 49. Kf2 h5 50. Nd2 Bd3 51. g3 g4 52. Bb4 Rh1 53. Kg2 Re1 54. Nc4 gxf3+ 55. Kh3 Bd8 56. Bxe1 Bf1+ 0-1

[Event "34.Schlosspark-Open"]
[Site "Wiesbaden-Biebrich"]
[Date "2025.08.29"]
[Round "2.6"]
[White "Türkboylari, Bahadir"]
[Black "Pucher, Sebastien"]
[Result "0-1"]
[WhiteElo "2032"]
[BlackElo "2257"]
[PlyCount "80"]
[EventDate "2025.08.28"]
[WhiteTeam "SK Neuburg"]
[BlackTeam "Metz"]

1. Nf3 d6 2. d4 Nf6 3. g3 g6 4. Bg2 Bg7 5. O-O O-O 6. c4 Bf5 7. Nc3 Ne4 8. Nh4 Nxc3 9. bxc3 Bc8 10. Rb1 c6 11. Ba3 Qa5 12. Qb3 Nd7 13. Rfd1 Rb8 14. e3 c5 15. Bc1 Nb6 16. Bf1 Be6 17. Bd2 Qa6 18. Qb5 Bxc4 19. Qxa6 Bxa6 20. Bxa6 bxa6 21. Nf3 Nc4 22. Be1 Rb6 23. dxc5 dxc5 24. Rxb6 axb6 25. Rd7 Bf6 26. Nd2 Ne5 27. Ra7 Nd3 28. Nf3 Nxe1 29. Nxe1 Rd8 30. Nf3 Bxc3 31. Rxa6 b5 32. Ng5 Rc8 33. Ne4 Bb2 34. Ra5 c4 35. Rxb5 c3 36. Nxc3 Bxc3 37. Rb7 e6 38. Ra7 Rb8 39. f4 Rb2 40. Ra3 Bb4 0-1

[Event "34.Schlosspark-Open"]
[Site "Wiesbaden-Biebrich"]
[Date "2025.08.29"]
[Round "2.7"]
[White "Boidman, Yuri"]
[Black "Puschendorf, Steffen"]
[Result "1/2-1/2"]
[WhiteElo "2250"]
[BlackElo "2026"]
[PlyCount "82"]
[EventDate "2025.08.28"]
[WhiteTeam "SC Heimbach-Weis/Neuwied e.V."]
[BlackTeam "ESV Gera"]

1. e4 e6 2. Nf3 d5 3. Nc3 d4 4. Ne2 c5 5. c3 Nc6 6. cxd4 cxd4 7. Qa4 Bc5 8. b4 Bb6 9. b5 Na5 10. Nexd4 Nf6 11. Nb3 O-O 12. Bb2 a6 13. e5 Nd5 14. bxa6 bxa6 15. Ba3 Bd7 16. Qg4 f5 17. exf6 Rxf6 18. Bb2 Rg6 19. Qh4 Qxh4 20. Nxh4 Rg4 21. Nf3 Re4+ 22. Kd1 Ba4 23. d4 Nb4 24. Nfd2 Rf4 25. Nf3 Nxa2 26. Nfd2 Bxb3+ 27. Nxb3 Nxb3 28. Rxa2 Bxd4 29. Bc4 Bxb2 30. Bxe6+ Kf8 31. Bxb3 Rxf2 32. Ke1 Rxg2 33. Kf1 Rd2 34. Ke1 Rad8 35. Rf1+ Ke7 36. Rxa6 Bf6 37. Ra7+ R8d7 38. Rxd7+ Rxd7 39. Rf3 Rd4 40. h3 Kd6 41. Ke2 h6 1/2-1/2

[Event "34.Schlosspark-Open"]
[Site "Wiesbaden-Biebrich"]
[Date "2025.08.29"]
[Round "2.8"]
[White "McAdam, Mark"]
[Black "Lesny, Florian"]
[Result "0-1"]
[WhiteElo "2011"]
[BlackElo "2235"]
[PlyCount "54"]
[EventDate "2025.08.28"]
[WhiteTeam "SC Brett vorm Kopp Ffm"]
[BlackTeam "Schachfreunde Hünstetten"]

1. d4 d5 2. Nf3 Nf6 3. c4 e6 4. g3 Be7 5. Bg2 O-O 6. O-O c6 7. Nc3 Nbd7 8. Qd3 b6 9. b3 Bb7 10. Rd1 c5 11. cxd5 Nxd5 12. Nxd5 exd5 13. Bb2 Rc8 14. dxc5 bxc5 15. Rac1 Qb6 16. Qf5 Nf6 17. Ng5 d4 18. Bxb7 Qxb7 19. h4 h6 20. Nf3 Rfe8 21. Ne5 Qa6 22. Qc2 Qe6 23. Nd3 Bd6 24. Ba3 Qh3 25. e3 dxe3 26. Ne1 e2 27. Rxd6 Qf1+ 0-1

[Event "34.Schlosspark-Open"]
[Site "Wiesbaden-Biebrich"]
[Date "2025.08.29"]
[Round "2.9"]
[White "Schneider, Jörg"]
[Black "Weber, Samuel"]
[Result "0-1"]
[WhiteElo "2004"]
[BlackElo "2239"]
[PlyCount "68"]
[EventDate "2025.08.28"]
[WhiteTeam "Sfr.Mainz 1928"]
[BlackTeam "SV Oberursel"]

1. c4 e5 2. g3 Nf6 3. Bg2 h6 4. Nc3 Bb4 5. e4 Bxc3 6. bxc3 O-O 7. Ne2 c6 8. Ba3 Re8 9. Qa4 b5 10. cxb5 cxb5 11. Qb3 Ba6 12. Bb4 Bb7 13. Qc2 d5 14. d3 a5 15. Ba3 b4 16. cxb4 axb4 17. Bxb4 Na6 18. Bd2 dxe4 19. dxe4 Rc8 20. Qb2 Bxe4 21. Bxe4 Nxe4 22. Rd1 Nac5 23. Nc1 Nd3+ 24. Nxd3 Qxd3 25. Bb4 Rc2 26. Rxd3 Rxb2 27. Rb3 Rxf2 28. a3 Rc8 29. Rb1 Rcc2 30. Kd1 Rfe2 31. Be1 Ra2 32. Rf1 Rxh2 33. Rb8+ Kh7 34. Rb1 f6 0-1

[Event "34.Schlosspark-Open"]
[Site "Wiesbaden-Biebrich"]
[Date "2025.08.29"]
[Round "2.10"]
[White "Helmer, Jan"]
[Black "Hendriks, Theo"]
[Result "1-0"]
[WhiteElo "2231"]
[BlackElo "1987"]
[PlyCount "151"]
[EventDate "2025.08.28"]
[WhiteTeam "HSK Lister Turm"]
[BlackTeam "S.V.De Amstel"]

1. d4 Nf6 2. c4 g6 3. Nc3 Bg7 4. e4 d6 5. Be2 O-O 6. Nf3 e5 7. O-O Nbd7 8. Be3 Re8 9. d5 Ng4 10. Bg5 f6 11. Bd2 Nh6 12. b4 Nf7 13. a4 f5 14. a5 f4 15. Ne1 Nf6 16. c5 g5 17. Bb5 Rf8 18. a6 Nh6 19. axb7 Bxb7 20. Ba6 Rb8 21. Bxb7 Rxb7 22. Nd3 g4 23. c6 Rb8 24. Rxa7 f3 25. g3 Qe8 26. Qb3 Qg6 27. Qc4 Nf7 28. Rxc7 Bh6 29. Bxh6 Qxh6 30. Rxf7 Kxf7 31. Rd1 Rfc8 32. b5 Nd7 33. Qa4 Nc5 34. Qa7+ Kg8 35. Ne1 Ra8 36. Qe7 Ra3 37. b6 Rxc3 38. b7 Nxb7 39. cxb7 Rb8 40. Qd7 Rc1 41. Qxg4+ Kh8 42. Qxf3 Rxd1 43. Qxd1 Rxb7 44. Nc2 Qg6 45. Qf3 Rf7 46. Qe2 h5 47. Ne3 Qxe4 48. Qxh5+ Qh7 49. Qxh7+ Kxh7 50. Nc4 Rf6 51. Kg2 Kg6 52. f3 Kf7 53. Nd2 Ke7 54. Ne4 Rf8 55. g4 Ra8 56. g5 Ra5 57. Nf6 Kf7 58. Kg3 Kg6 59. Kg4 Ra4+ 60. Ne4 Rd4 61. h4 Rxd5 62. h5+ Kg7 63. h6+ Kg6 64. h7 Kg7 65. g6 Rd3 66. Ng5 Rd4+ 67. Kh5 Rd1 68. Nf7 Rh1+ 69. Kg5 d5 70. h8=Q+ Rxh8 71. Nxh8 Kxh8 72. Kf6 Kg8 73. Kxe5 Kg7 74. Kxd5 Kxg6 75. Ke5 Kg7 76. Kf5 1-0

[Event "34.Schlosspark-Open"]
[Site "Wiesbaden-Biebrich"]
[Date "2025.08.29"]
[Round "2.11"]
[White "Eveleens, Wim"]
[Black "Reus, Rudolf"]
[Result "1/2-1/2"]
[WhiteElo "1984"]
[BlackElo "2226"]
[PlyCount "59"]
[EventDate "2025.08.28"]
[WhiteTeam "S.V.De Amstel"]
[BlackTeam "Sfr.Mainz 1928"]

1. c4 Nf6 2. g3 e6 3. Bg2 d5 4. Nf3 Be7 5. O-O O-O 6. b3 d4 7. e3 c5 8. exd4 cxd4 9. Ba3 Bxa3 10. Nxa3 Nc6 11. Re1 Re8 12. d3 e5 13. Nc2 Bg4 14. Qd2 a5 15. a3 Rb8 16. b4 axb4 17. axb4 b5 18. Ng5 Qc8 19. c5 h6 20. Ne4 Nxe4 21. Bxe4 Bf5 22. Qe2 Bxe4 23. Qxe4 Re6 24. Kg2 g6 25. f4 Ra8 26. f5 Rxa1 27. Rxa1 gxf5 28. Qxf5 Qb7 29. Qe4 Rf6 30. Ne1 1/2-1/2

[Event "34.Schlosspark-Open"]
[Site "Wiesbaden-Biebrich"]
[Date "2025.08.29"]
[Round "2.12"]
[White "Geltz, Noah"]
[Black "Steigleder, Maximilian"]
[Result "1-0"]
[WhiteElo "2169"]
[BlackElo "1981"]
[PlyCount "55"]
[EventDate "2025.08.28"]
[WhiteTeam "SF HN-Biberach 1978 e.V."]
[BlackTeam "Sfr.1932 Kelkheim"]

1. d4 Nf6 2. Bf4 c5 3. e3 d5 4. Nf3 Nc6 5. Nbd2 cxd4 6. exd4 Bf5 7. c3 h6 8. Qb3 Qc8 9. Be2 e6 10. O-O Nh5 11. Be3 Be7 12. Ne5 Nf6 13. Rac1 Ne4 14. Nxe4 Bxe4 15. f3 Nxe5 16. dxe5 Bg6 17. c4 d4 18. Qb5+ Qd7 19. Bxd4 a6 20. Qxd7+ Kxd7 21. Kf2 Kc6 22. f4 Bc5 23. Bf3+ Kb6 24. Rfd1 Bxd4+ 25. Rxd4 Rad8 26. c5+ Kc7 27. Rd6 Rde8 28. c6 1-0

[Event "34.Schlosspark-Open"]
[Site "Wiesbaden-Biebrich"]
[Date "2025.08.29"]
[Round "2.13"]
[White "Gieringer, Clemens"]
[Black "Perske, Paul"]
[Result "0-1"]
[WhiteElo "1932"]
[BlackElo "2183"]
[PlyCount "74"]
[EventDate "2025.08.28"]
[WhiteTeam "Sfr.Mainz 1928"]
[BlackTeam "Sfr.Heidesheim"]

1. e4 e5 2. Nf3 Nc6 3. Bb5 a6 4. Bc4 Nf6 5. d3 b5 6. Bb3 Bc5 7. c3 d6 8. Bg5 h6 9. Bh4 g5 10. Bg3 Bg4 11. Nbd2 Ne7 12. Nf1 Ng6 13. Ne3 Bxe3 14. fxe3 c6 15. O-O O-O 16. h3 Be6 17. Bc2 Nd7 18. Nh2 Kg7 19. d4 f6 20. d5 Bg8 21. Qh5 Bf7 22. Qg4 Nb6 23. Rfe1 cxd5 24. exd5 Nxd5 25. h4 h5 26. Qxh5 Rh8 27. Qf3 Nxh4 28. Bxh4 Rxh4 29. Be4 Qh8 30. Nf1 Bh5 31. Qf5 Ne7 32. Qd7 Qd8 33. Qxd8 Rxd8 34. Bb7 Rb8 35. g3 Rc4 36. Bg2 d5 37. Nh2 b4 0-1

[Event "34.Schlosspark-Open"]
[Site "Wiesbaden-Biebrich"]
[Date "2025.08.29"]
[Round "2.14"]
[White "Khenkin, Igor"]
[Black "Gentner, Markus"]
[Result "1-0"]
[WhiteElo "2499"]
[BlackElo "2001"]
[PlyCount "53"]
[EventDate "2025.08.28"]
[WhiteTeam "Wiesbadener SV 1885"]
[BlackTeam "SC Murrhardt 1948 e.V."]

1. d4 Nf6 2. c4 c5 3. d5 b5 4. cxb5 a6 5. e3 g6 6. Nc3 Bg7 7. Nf3 d6 8. a4 O-O 9. e4 Bb7 10. Bf4 axb5 11. Bxb5 Na6 12. O-O Nb4 13. h3 h6 14. Re1 Nd7 15. Qe2 Qc7 16. Na2 Nxa2 17. Rxa2 Nb8 18. Nd2 Na6 19. Nc4 Nb4 20. Ra3 f5 21. e5 Nxd5 22. exd6 Nxf4 23. dxc7 Nxe2+ 24. Rxe2 e5 25. Nb6 Rac8 26. Nxc8 Rxc8 27. Rd2 1-0

[Event "34.Schlosspark-Open"]
[Site "Wiesbaden-Biebrich"]
[Date "2025.08.29"]
[Round "2.15"]
[White "Musiienko, Tymur"]
[Black "Tremöhlen, Thomas"]
[Result "1-0"]
[WhiteElo "2202"]
[BlackElo "1974"]
[PlyCount "119"]
[EventDate "2025.08.28"]
[WhiteTeam "Wiesbadener SV 1885"]
[BlackTeam "Sportgemeinschaft Kaarst 1912/35"]

1. e4 c5 2. Nf3 Nc6 3. d4 cxd4 4. Nxd4 e5 5. Nb5 d6 6. c4 Be6 7. N1c3 a6 8. Na3 Nf6 9. Be2 g6 10. Be3 Bg7 11. O-O O-O 12. Nc2 Rc8 13. Rc1 Na5 14. b3 b5 15. Nd5 Bxd5 16. exd5 bxc4 17. b4 Nb7 18. Na3 a5 19. b5 c3 20. Nc4 Nd7 21. Rxc3 Ndc5 22. Rc1 f5 23. b6 f4 24. Bd2 e4 25. Nxa5 Qxb6 26. Nc6 Rce8 27. a4 f3 28. gxf3 exf3 29. Bxf3 Qb3 30. Kg2 Qxa4 31. Qxa4 Nxa4 32. Rfe1 Nac5 33. Rxe8 Rxe8 34. Rb1 h5 35. Rb6 Kh7 36. Bb4 Rf8 37. h3 h4 38. Bd2 Rf5 39. Na7 g5 40. Nc8 Bf8 41. Be3 Rf6 42. Bd1 Kh6 43. Rb4 Rf5 44. Rxh4+ Kg7 45. Rb4 Na5 46. Bc2 Rf7 47. Rg4 Rc7 48. Rxg5+ Kf7 49. Nb6 Rb7 50. Na4 Nxa4 51. Bxa4 Nc4 52. Bd4 Rb4 53. Bd7 Nb6 54. Be6+ Ke7 55. Rg4 Rb5 56. Rg5 Rb4 57. Bc3 Rc4 58. Rg3 Nd7 59. Rf3 Ne5 60. Bxe5 1-0

[Event "34.Schlosspark-Open"]
[Site "Wiesbaden-Biebrich"]
[Date "2025.08.29"]
[Round "2.16"]
[White "Neurohr, Jürgen"]
[Black "Kersten, Uwe"]
[Result "1/2-1/2"]
[WhiteElo "1951"]
[BlackElo "2169"]
[PlyCount "92"]
[EventDate "2025.08.28"]
[WhiteTeam "Sfr.Mainz 1928"]
[BlackTeam "Sfr. Wolfhagen e. V."]

1. c4 c5 2. Nf3 Nf6 3. Nc3 e6 4. g3 b6 5. Bg2 Bb7 6. O-O a6 7. d4 cxd4 8. Qxd4 d6 9. Bg5 Nbd7 10. Rfd1 Be7 11. Bxf6 Nxf6 12. Ng5 Bxg2 13. Kxg2 O-O 14. Nge4 Ne8 15. a4 Qc7 16. Rac1 Rd8 17. b3 Qb7 18. Kg1 h6 19. Qe3 Nc7 20. h4 d5 21. cxd5 exd5 22. Nd2 Ba3 23. Rc2 Ne6 24. Nf3 Rfe8 25. Rcd2 Bc5 26. Qd3 Bb4 27. Rc2 Nc5 28. Qd4 Bxc3 29. Qxc3 a5 30. Nd4 Qd7 31. Qf3 Re5 32. Kg2 Rde8 33. e3 Qd6 34. Rdc1 Qg6 35. Rc3 h5 36. Rd1 Rd8 37. Kh2 Rd6 38. Ne2 Rf5 39. Nf4 Qf6 40. Rd4 g6 41. Qd1 Ne6 42. Rc8+ Kh7 43. Rd2 Nxf4 44. exf4 d4 45. Rc4 Rfd5 46. Rd3 Kg7 1/2-1/2

[Event "34.Schlosspark-Open"]
[Site "Wiesbaden-Biebrich"]
[Date "2025.08.29"]
[Round "2.17"]
[White "Stork, Christopher"]
[Black "Bischoff, Ulrich"]
[Result "1-0"]
[WhiteElo "2114"]
[BlackElo "1963"]
[PlyCount "109"]
[EventDate "2025.08.28"]
[WhiteTeam "SV Oberursel"]
[BlackTeam "Schachfreunde Eltville"]

1. c4 Nf6 2. Nf3 e6 3. d4 d5 4. g3 Be7 5. Bg2 O-O 6. O-O dxc4 7. Qc2 a6 8. a4 Bd7 9. Qxc4 Bc6 10. Bg5 Nbd7 11. Nc3 h6 12. Bxf6 Nxf6 13. b4 Bd5 14. Nxd5 exd5 15. Qb3 c6 16. e3 Qb6 17. Rfb1 Rfe8 18. Ra2 Bd6 19. Ne1 a5 20. b5 Rab8 21. Nd3 Ne4 22. Rc2 Qc7 23. Rbc1 Qd7 24. Bxe4 Rxe4 25. Nc5 Bxc5 26. Rxc5 Ree8 27. Rb1 Qd6 28. Qc2 Rec8 29. Rc1 g6 30. Qc3 Qf6 31. Rc2 Kg7 32. Rb2 Qf3 33. Qc1 Qf5 34. bxc6 bxc6 35. Rxa5 h5 36. h4 Qd3 37. Qc2 Qa3 38. Rb1 Rb4 39. Ra7 Rcb8 40. Rxb4 Qxb4 41. Qe2 Qd6 42. Kg2 Rb1 43. Qf3 Qe6 44. a5 Ra1 45. a6 Ra2 46. Ra8 Qe7 47. Qf4 Qe4+ 48. Qf3 Qe7 49. Qf4 Qe4+ 50. Qxe4 dxe4 51. a7 Kf6 52. Re8 Rxa7 53. Rxe4 Ra5 54. Re8 c5 55. Re5 1-0

[Event "34.Schlosspark-Open"]
[Site "Wiesbaden-Biebrich"]
[Date "2025.08.29"]
[Round "2.19"]
[White "Akhmatovski, Maxim"]
[Black "Klein, Deniz"]
[Result "1-0"]
[WhiteElo "2136"]
[BlackElo "1956"]
[PlyCount "55"]
[EventDate "2025.08.28"]
[WhiteTeam "SV Oberursel"]
[BlackTeam "SK Kaiserslautern 1905"]

1. e4 c5 2. Nf3 d6 3. Bb5+ Nd7 4. c3 a6 5. Ba4 b5 6. Bc2 Ngf6 7. d4 e5 8. O-O g6 9. a4 Bb7 10. d5 Bg7 11. b3 O-O 12. h3 h5 13. Na3 Nb6 14. Be3 Nxe4 15. Bxe4 f5 16. Ng5 Bc8 17. a5 f4 18. Ne6 Bxe6 19. dxe6 Qh4 20. e7 Qxe7 21. axb6 Rad8 22. Qd5+ Kh7 23. Bd2 Qh4 24. Nc2 Kh8 25. f3 Qf6 26. Rxa6 g5 27. Ra7 g4 28. hxg4 1-0

[Event "34.Schlosspark-Open"]
[Site "Wiesbaden-Biebrich"]
[Date "2025.08.29"]
[Round "2.20"]
[White "Trenz, Finn"]
[Black "Nagel, Bernhard"]
[Result "0-1"]
[WhiteElo "1932"]
[BlackElo "2148"]
[PlyCount "88"]
[EventDate "2025.08.28"]
[WhiteTeam "SV Multatuli Ingelheim e.V."]
[BlackTeam "Kölner Schachklub Dr. Lasker 186"]

1. e4 e5 2. Nc3 Nf6 3. f4 d5 4. fxe5 Nxe4 5. Qf3 Nc6 6. Bb5 Nxc3 7. dxc3 Qh4+ 8. g3 Qe4+ 9. Be3 Bd7 10. O-O-O Nxe5 11. Bxd7+ Nxd7 12. Rxd5 Qxf3 13. Nxf3 Bd6 14. Bf4 Bxf4+ 15. gxf4 O-O-O 16. Ng5 Rdf8 17. Rg1 h6 18. Nf3 g6 19. f5 Rhg8 20. h4 Re8 21. Rd2 Ne5 22. Rf2 Nxf3 23. Rxf3 g5 24. hxg5 hxg5 25. Kd2 Re5 26. Rgf1 Rd8+ 27. Rd3 Rd6 28. c4 Kd7 29. b4 Ke7 30. Rff3 Rxd3+ 31. cxd3 Kf6 32. Rh3 Rxf5 33. Ke3 g4 34. Rh8 g3 35. Rg8 Rg5 36. Rxg5 Kxg5 37. Kf3 Kh4 38. Kg2 Kg4 39. c5 Kf4 40. a4 Ke3 41. b5 Kxd3 42. a5 b6 43. cxb6 axb6 44. axb6 cxb6 0-1

[Event "34.Schlosspark-Open"]
[Site "Wiesbaden-Biebrich"]
[Date "2025.08.29"]
[Round "2.21"]
[White "Sievers, Andy"]
[Black "von Auer, Ulrich"]
[Result "1/2-1/2"]
[WhiteElo "2148"]
[BlackElo "1960"]
[PlyCount "101"]
[EventDate "2025.08.28"]
[WhiteTeam "SK Kaiserslautern 1905"]
[BlackTeam "SV Oberursel"]

1. Nf3 Nf6 2. g3 d5 3. Bg2 e6 4. O-O Be7 5. c4 O-O 6. b3 c5 7. Bb2 Nc6 8. e3 b6 9. d4 Bb7 10. cxd5 Nxd5 11. Nc3 Nxc3 12. Bxc3 Rc8 13. Qe2 cxd4 14. Nxd4 Nxd4 15. Bxd4 Bxg2 16. Kxg2 Qd5+ 17. Qf3 Qxf3+ 18. Kxf3 Rc2 19. a4 Bf6 20. Rac1 Rfc8 21. Rxc2 Rxc2 22. Rd1 Bxd4 23. Rxd4 Kf8 24. Rd7 Rb2 25. Rxa7 Rxb3 26. h4 h5 27. Kf4 g6 28. Ke5 Kg7 29. Kd4 Rb2 30. f4 Rb1 31. Kc4 Kf6 32. Rb7 Kg7 33. Kc3 Rd1 34. Kb4 Rb1+ 35. Kc3 Ra1 36. Rxb6 Rxa4 37. Kd3 Ra3+ 38. Ke2 Ra2+ 39. Kf3 Ra3 40. Rb2 f5 41. Kf2 Kf6 42. Re2 Ra4 43. Rc2 Ra5 44. Ke2 Ra3 45. Rd2 Rb3 46. Rd3 Rb2+ 47. Kf3 Rb4 48. Ra3 Kf7 49. Rc3 Ra4 50. Rc2 Kf6 51. Ke2 1/2-1/2

[Event "34.Schlosspark-Open"]
[Site "Wiesbaden-Biebrich"]
[Date "2025.08.29"]
[Round "2.22"]
[White "Bauer, Claus"]
[Black "Haßelbacher, Uwe"]
[Result "0-1"]
[WhiteElo "2145"]
[BlackElo "1936"]
[PlyCount "62"]
[EventDate "2025.08.28"]
[WhiteTeam "Sfr.Mainz 1928"]
[BlackTeam "Mosbacher SC von 1931"]

1. Nf3 c5 2. g3 Nc6 3. Bg2 e5 4. d3 h6 5. e4 d6 6. c3 Bg4 7. h3 Bh5 8. a3 Nf6 9. Nbd2 g5 10. b4 Qc7 11. Qa4 Nd7 12. Rb1 Bg7 13. Nc4 O-O 14. Ne3 Ne7 15. Qb3 Bg6 16. O-O b5 17. Re1 Rac8 18. c4 a6 19. Bd2 Kh7 20. cxb5 axb5 21. bxc5 Nxc5 22. Qxb5 f5 23. exf5 Nxf5 24. Nd5 Qf7 25. Nb6 Rb8 26. Be3 Nxd3 27. Qxd3 Nd4 28. Nxg5+ hxg5 29. Be4 Qxf2+ 30. Kh1 Nf5 31. Bxf5 Bxf5 0-1

[Event "34.Schlosspark-Open"]
[Site "Wiesbaden-Biebrich"]
[Date "2025.08.29"]
[Round "2.23"]
[White "Calvi, Stefan"]
[Black "Wolf, Ulrich Martin"]
[Result "0-1"]
[WhiteElo "1959"]
[BlackElo "2143"]
[PlyCount "92"]
[EventDate "2025.08.28"]
[WhiteTeam "SV Oberursel"]
[BlackTeam "SK Bad Homburg 1927"]

1. e4 e5 2. Nf3 d6 3. d4 exd4 4. Nxd4 Nf6 5. Nc3 Be7 6. Bc4 O-O 7. O-O Re8 8. Re1 c6 9. a4 a5 10. b3 Bf8 11. Bb2 Nbd7 12. h3 Nc5 13. Qf3 Qe7 14. Rad1 Qe5 15. Bc1 Bd7 16. Bf4 Qh5 17. Qxh5 Nxh5 18. Bh2 Nf6 19. f3 Rad8 20. e5 dxe5 21. Bxe5 Rc8 22. g4 Nfe4 23. Nxe4 Rxe5 24. Ng3 Rce8 25. Rxe5 Rxe5 26. Ndf5 b5 27. axb5 cxb5 28. Bf1 Bc6 29. f4 Re8 30. Bg2 Bxg2 31. Kxg2 Rc8 32. Kf3 Ne6 33. Ne3 a4 34. bxa4 bxa4 35. Ne4 a3 36. c4 Nc5 37. Nxc5 Bxc5 38. Ra1 Rb8 39. Ke4 Re8+ 40. Kd5 Bxe3 41. Rxa3 Bxf4 42. c5 g6 43. Ra4 Re5+ 44. Kd4 Re7 45. c6 Kg7 46. Kc5 Bc7 0-1

[Event "34.Schlosspark-Open"]
[Site "Wiesbaden-Biebrich"]
[Date "2025.08.29"]
[Round "2.24"]
[White "Töpfer, Albrecht"]
[Black "Kobs, Stephan"]
[Result "1-0"]
[WhiteElo "2139"]
[BlackElo "1915"]
[PlyCount "129"]
[EventDate "2025.08.28"]
[WhiteTeam "SC Fulda"]
[BlackTeam "TSG 1846 Bretzenheim/ZMO"]

1. d4 Nf6 2. Nf3 g6 3. Bf4 Bg7 4. e3 c5 5. c3 b6 6. Be2 Bb7 7. O-O O-O 8. h3 d6 9. Nbd2 Nc6 10. Bh2 Re8 11. Re1 e5 12. dxe5 dxe5 13. Nc4 Nd5 14. e4 Nf4 15. Bf1 Qe7 16. g3 Rad8 17. Qc2 Ne6 18. Ne3 Nc7 19. a4 Rd7 20. Rad1 Red8 21. Rxd7 Rxd7 22. Rd1 Qd8 23. Rxd7 Qxd7 24. g4 h6 25. Bg3 Kh8 26. Nc4 Qe6 27. Ne3 Qd7 28. Bc4 Na5 29. Be2 Nc6 30. Qd2 Qxd2 31. Nxd2 Ba6 32. Kf1 Kg8 33. Bxa6 Nxa6 34. Nd5 Kf8 35. Nc4 Nab8 36. Ke2 Nd7 37. Bh4 g5 38. Bg3 Ne7 39. Nde3 Nf6 40. Kd3 Nd7 41. f3 Ng6 42. Nf5 Nf4+ 43. Bxf4 exf4 44. Nfd6 a6 45. b3 f6 46. b4 cxb4 47. cxb4 a5 48. bxa5 bxa5 49. Nb7 Ke7 50. Ncxa5 Ne5+ 51. Ke2 Kd7 52. Nc5+ Kd6 53. Nd3 Bf8 54. Nxe5 fxe5 55. Nb3 Kc6 56. Kd3 Bb4 57. Kc4 Be1 58. Nc1 Bf2 59. Nd3 Bd4 60. a5 Ba1 61. Nb4+ Kd6 62. Kb5 Bd4 63. Nc6 Be3 64. a6 Ke6 65. Nxe5 1-0

[Event "34.Schlosspark-Open"]
[Site "Wiesbaden-Biebrich"]
[Date "2025.08.29"]
[Round "2.25"]
[White "Stephanblome, Felix"]
[Black "Müller, Lutz"]
[Result "1-0"]
[WhiteElo "2116"]
[BlackElo "1911"]
[PlyCount "75"]
[EventDate "2025.08.28"]
[WhiteTeam "SV 1934 Ffm-Griesheim"]
[BlackTeam "Sfr.Mainz 1928"]

1. d4 g6 2. c4 Bg7 3. Nc3 d6 4. Nf3 Bg4 5. Bf4 Bxf3 6. gxf3 Nc6 7. d5 Ne5 8. e4 Nf6 9. Be2 h6 10. Qd2 g5 11. Bxe5 dxe5 12. h4 Nh7 13. c5 Bf6 14. Rd1 Kf8 15. Qe3 Rg8 16. Bf1 Rg7 17. h5 Kg8 18. Ne2 g4 19. Ng3 Bg5 20. Qc3 Bf4 21. Nf5 Ng5 22. Bg2 gxf3 23. Bxf3 Kh7 24. Nxg7 Kxg7 25. Rg1 b6 26. Rd3 Qd7 27. Ke2 Kf8 28. Rg4 f6 29. Rxf4 exf4 30. e5 bxc5 31. exf6 Qd6 32. fxe7+ Kf7 33. Bg4 Re8 34. Kd1 Ne4 35. Be6+ Kxe7 36. Qg7+ Kd8 37. Rb3 Nxf2+ 38. Kc2 1-0